CEFTA tréningovým ihriskom integrácie do Európskej únie

Záverečnú deklaráciu podpísali členovia vlád krajín CEFTA na stretnutí v Jasnej pri Liptovskom Mikuláši (1996). Zdôraznili prínos združenia k rozvoju vzájomného obchodu. Podpísanie doplnkových protokolov č.4 (pravidlá pôvodu tovaru) a č.5 (liberalizácia obchodu s priemyselnými produktami). Postoj čl...

Descrizione completa

Salvato in:
Dettagli Bibliografici
Autore principale: Bacigalová, J.
Natura: Capitolo di libro
Lingua:slovacco
Soggetti:
Tags: Aggiungi Tag
Nessun Tag, puoi essere il primo ad aggiungerne!!

MARC

LEADER 00000naa a2200000 4500
001 r021546
005 20230921075129.0
041 0 |a slo 
044 |a SK 
245 1 0 |a CEFTA tréningovým ihriskom integrácie do Európskej únie  |c J. Bacigalová 
520 |a Záverečnú deklaráciu podpísali členovia vlád krajín CEFTA na stretnutí v Jasnej pri Liptovskom Mikuláši (1996). Zdôraznili prínos združenia k rozvoju vzájomného obchodu. Podpísanie doplnkových protokolov č.4 (pravidlá pôvodu tovaru) a č.5 (liberalizácia obchodu s priemyselnými produktami). Postoj členských krajín k ochranárskej politike Slovinska v oblasti poľnohospodárskych produktov. Nesúhlas ostatných členov CEFTA k inštitucionalizácii združenia (návrh SR). 
610 2 0 |a CEFTA 
610 2 0 |a summity 
610 2 0 |a 1996 
610 2 0 |a Slovensko 
610 2 0 |a legislatíva 
610 2 0 |a obchod zahraničný 
610 2 0 |a deklarácia 
100 1 |a Bacigalová, J.